Αλέξανδρος ο Στούρζας : βιογραφικόν σχεδίασμα
Saved in:
| Main Author: | |
|---|---|
| Format: | Book |
| Language: | Greek |
| Published: |
Αθήνησι :
Τύποις Φ. Καραμπίνη και Κ. Βάφα,
1855
|
| Subjects: | |
| Tags: |
Add Tag
No Tags, Be the first to tag this record!
|
MARC
| LEADER | 00000cam a2200000 i 4500 | ||
|---|---|---|---|
| 001 | 1/61496 | ||
| 008 | 141210s1855 gre d | ||
| 035 | |l 10120063 | ||
| 040 | |a GR-MY-UA |b gre |e aacr | ||
| 041 | 0 | |a gre | |
| 082 | 0 | |a 920.71 |2 (23) | |
| 100 | 1 | |a Οικονόμος ο εξ Οικονόμων, Κωνσταντίνος, |d 1780-1857. | |
| 245 | 1 | 0 | |a Αλέξανδρος ο Στούρζας : |b βιογραφικόν σχεδίασμα / |c υπό του πρεσβυτέρου και Οικονόμου Κωνσταντίνου του εξ Οικονόμων |
| 260 | |a Αθήνησι : |b Τύποις Φ. Καραμπίνη και Κ. Βάφα, |c 1855 | ||
| 300 | |a 131 σ.; |c 22 εκ. | ||
| 500 | |a Στο verso ετικέτα "Τη Πορφυριάδι Σχολή Καρλοβασίων 1903 Κωνσταντίνος Κ. Νικολάου". Στο recto αρ. 1370. | ||
| 600 | 1 | 0 | |a Στούρζας Αλέξανδρος Σ. |d 1791-1854 |x Biography. |
| 852 | |a INST |b SAMOS |c PORFYRIADA |e 20141210 |h 920.71 ΟΙΚ |p 005300040912 |q 005300040912 |t NOLOAN |y 23 | ||
| 901 | |a BIBL3-2014-3 | ||
| 909 | |a Σ |b 185525 | ||
| 970 | |a ΚΟΣΙΕΡΗΣ |b ΧΡΗΣΤΟΣ |z 2014/12/10 | ||